| 000 | 01193cam a22003377a 4500 | ||
|---|---|---|---|
| 001 | 3845 | ||
| 005 | 20240516150430.0 | ||
| 020 | _a9780547119625 | ||
| 040 |
_aBTCTA _cBTCTA _dDMM _dJAO _dFTL _dDLC _beng |
||
| 050 | 0 | 0 |
_aPZ73.S22 _b2009 |
| 082 | 0 | 0 | _a573.8 |
| 100 | 1 |
_aSacks, Marcy Goldberg _d1974- |
|
| 245 | 1 | 0 |
_aCurious George : _bpiñata party / _cadaptation by Marcy Goldberg Sacks and Priya Giri Desai. |
| 246 | 3 | 0 | _aPiñata party |
| 260 |
_aBoston : _bHoughton Mifflin Harcourt, _c2009. |
||
| 300 |
_a21 pages : _bcolor illustrations ; _c24 cm . |
||
| 490 | _aCurious George | ||
| 505 | _aH | ||
| 520 | _aCurious George learns to use his senses of smell, hearing, and touch to do the best thing of all--taste the candy from a piñata! | ||
| 521 |
_a460
_bLexile |
||
| 521 |
_aH
_bRaz-Plus |
||
| 650 | 0 |
_aMonkeys _vJuvenile fiction. |
|
| 650 | 0 |
_aSenses and sensation _vJuvenile fiction. |
|
| 650 | 0 |
_aBirthday parties _vJuvenile fiction. |
|
| 650 | 1 |
_aMonkeys _vFiction. |
|
| 650 | 1 |
_aSenses and sensation _vFiction. |
|
| 700 | _aDesai, Priya Giri | ||
| 700 |
_aMiller, Craig _d1954- |
||
| 906 |
_a7 _bcbc _ccopycat _d2 _encip _f20 _gy-gencatlg |
||
| 942 |
_2ddc _cBK _n0 |
||
| 999 |
_c3845 _d3845 |
||